Two pronouns and a verb : (Record no. 79780)

MARC details
000 -LEADER
fixed length control field 00550nam a22001937a 4500
005 - DATE AND TIME OF LATEST TRANSACTION
control field 20131202153038.0
010 ## - LCCN (DPL NO)
LC control number ENG-108575
020 ## - INTERNATIONAL STANDARD BOOK NUMBER
International Standard Book Number 9789381506080
Terms of availability 295.00
035 ## - SYSTEM CONTROL NUMBER
System control number EN-92108
037 ## - SOURCE OF ACQUISITION
Source of stock number/acquisition DBAD/PUB
082 ## - DEWEY DECIMAL CLASSIFICATION NUMBER
Classification number N
100 ## - MAIN ENTRY--PERSONAL NAME
Personal name Khalap, Kiran
245 ## - TITLE STATEMENT
Title Two pronouns and a verb :
Statement of responsibility, etc by Kiran Khalap
Remainder of title a novel /
260 ## - PUBLICATION, DISTRIBUTION, ETC. (IMPRINT)
Place of publication, distribution, etc New Delhi
Name of publisher, distributor, etc Amaryllis
Date of publication, distribution, etc 2012
270 ## - ADDRESS
Address J-39, Ground Floor, Jor Bagh
City New Delhi
Postal code 110003
300 ## - PHYSICAL DESCRIPTION
Extent xvii,220p.
Dimensions 24cm(pbk)
500 ## - GENERAL NOTE
General note Includes bibliographical references
942 ## - ADDED ENTRY ELEMENTS (KOHA)
Source of classification or shelving scheme Dewey Decimal Classification
Item type English Books
Call number suffix KHA
Classification part N
Holdings
Withdrawn status Lost status Not for loan Collection code Home library Current library Date acquired Source of acquisition Cost, normal purchase price Full call number Barcode Copy number Cost, replacement price Koha item type
    Not For Loan Fiction D.B.Act.Division D.B.Act.Division 03/10/2013 DBAD/PUB 295.00 N KHA EN-92108 1 295.00 English Books

© Delhi Public Library
Hit Counter
free hit counter